Urban land economics and public policy (Record no. 78565)
[ view plain ]
| 000 -LEADER | |
|---|---|
| fixed length control field | 00676nam a2200181 a 4500 |
| 008 - FIXED-LENGTH DATA ELEMENTS--GENERAL INFORMATION | |
| fixed length control field | 120416nuuuuuuuuxx |||||||||||||| || u |
| 050 ## - LIBRARY OF CONGRESS CALL NUMBER | |
| Classification number | HD 598 Bal |
| 100 ## - MAIN ENTRY--PERSONAL NAME | |
| Personal name | Balchin, Paul N |
| 245 10 - TITLE STATEMENT | |
| Title | Urban land economics and public policy |
| 250 ## - EDITION STATEMENT | |
| Edition statement | 4th ed. |
| 260 ## - PUBLICATION, DISTRIBUTION, ETC. | |
| Date of publication, distribution, etc. | London |
| 350 ## - | |
| -- | 0.00 |
| 650 ## - SUBJECT ADDED ENTRY--TOPICAL TERM | |
| Topical term or geographic name entry element | LAND |
| 650 ## - SUBJECT ADDED ENTRY--TOPICAL TERM | |
| Topical term or geographic name entry element | LAND ECONOMICS |
| 650 ## - SUBJECT ADDED ENTRY--TOPICAL TERM | |
| Topical term or geographic name entry element | LAND POLICY |
| 995 ## - | |
| -- | BINDERY (DAMAGED) |
| -- | 0.00 |
| -- | 724895 |
| -- | CBU-MAIN LIBRARY (Kitwe) |
| -- | 2 |
| -- | 14.99 |
| -- | HD 598 Bal |
| -- | 2 |
| -- | DAMAGED |
| -- | 020438 |
| -- | Main Library Open Access Collection |
| 995 ## - | |
| -- | BINDERY (DAMAGED) |
| -- | 0.00 |
| -- | 724896 |
| -- | CBU-MAIN LIBRARY (Kitwe) |
| -- | 1 |
| -- | 14.99 |
| -- | HD 598 Bal |
| -- | 1 |
| -- | DAMAGED |
| -- | 018026 |
| -- | Main Library Open Access Collection |
| 999 ## - | |
| -- | 78565 |
| -- | 78565 |
| Withdrawn status | Lost status | Source of classification or shelving scheme | Damaged status | Not for loan | Permanent Location | Current Location | Shelving location | Date acquired | Total Checkouts | Full call number | Barcode | Date last seen | Copy number | Price effective from | Koha item type |
|---|---|---|---|---|---|---|---|---|---|---|---|---|---|---|---|
| CBU-MAIN LIBRARY, KITWE. | CBU-MAIN LIBRARY, KITWE. | 05/17/2023 | HD 598 Bal | 020438 | 05/17/2023 | 1 | 05/17/2023 | MONOGRAPH | |||||||
| CBU-MAIN LIBRARY, KITWE. | CBU-MAIN LIBRARY, KITWE. | 05/17/2023 | HD 598 Bal | 018026 | 05/17/2023 | 2 | 05/17/2023 | MONOGRAPH |